01178cam a2200277u 450000100060000000300080000600500170001400800410003103500190007204000330009104100080012408200220013224500550015426000510020930000270026050000390028750001690032650000210049550000620051660000190057870000360059770001020063370000310073571000730076673000610083916629BD-RjUL20211209000032.0140215r19541953ilu 000 0 eng d a(BD-RjUL)16684 aDLCcCarPdDLCdBD-RjULbeng aeng00a 812.52bJEF 195414aThe Jeffersonian heritage /cEd. by Malone, Dumas, aBoston :bPublisher at the Beacon Press,c1954 a165p. :bill. ;c25cm. aThirteen half-hour radio programs. a"Research, writing, and advice of Dumas Malone. Written by Morton Wishengrad [and others] Music composed and conducted by Wladimir Selinsky. Starring Claude Rains." aManual sequence. aImperfect set: last disc, containing program 13, wanting.10aMalone, Dumas,1 aWishengrad, Morton,d1913-1963.12aSelinsky, Wladimir,d1910-1984.tJeffersonian heritage. Sound recording. 1953? [from old catalog]1 aRains, Claude,d1889-1967.2 aNational Association of Educational Broadcasters. [from old catalog]0 aJeffersonian heritage (Radio program) [from old catalog]